| 000 | 00952nam a2200277Ia 4500 | ||
|---|---|---|---|
| 999 |
_c54318 _d54318 |
||
| 001 | 21374 | ||
| 003 | GE_BSU | ||
| 005 | 20211102145921.0 | ||
| 008 | 181216s2016||||ru |||||||||||||| ||rus|| | ||
| 020 | _a9785811421459 | ||
| 040 | _cGE_BSU | ||
| 041 | _arus | ||
| 080 | _a54(076.8) Г-14 | ||
| 100 |
_aГайдукова, Б. М. _912789 |
||
| 245 |
_aТехника и технология лабораторных работ / _cБ. М. Гайдукова, С.В. Харитонов. |
||
| 250 | _a2-е издание стереотипное | ||
| 264 |
_aСанкт-Петербург, _bЛань, _c2016. |
||
| 300 |
_a128 стр. ; _c20 см. |
||
| 500 | _aБиблиогр. стр 126 | ||
| 541 | _h55 Gel. | ||
| 653 | _aТехника и технология лабораторных работ | ||
| 653 | _aХимия | ||
| 653 | _aქიმია | ||
| 700 |
_aХаритонов, С. В. _eавтор _912790 |
||
| 942 |
_cBK _2udc |
||